000 00497nam a2200169 a 4500
082 0 0 _a625.85
_bASP
245 0 0 _aAsphalt plant manual. Ms-03
250 _a2nd ed.
260 _a[College Park, Md., USA] :
_bAsphalt Institute,
_c1959
300 _a151 P.
_bill. ;
_c23 cm.
490 1 _aManual series ;
526 _a0
_b0
_c0
_d625_850000000000000_ASP
650 0 _aAsphalt plants
_xHandbooks, manuals, etc.
_943866
650 0 _aMCE
_9379
710 2 _aAsphalt Institute.
_913616
942 _2ddc
_cBK
999 _c547785
_d547785